00393pab a2200157 454500008004000000100001700040245006500057260000900122300001200131362000800143650001200151650001800163650002000181650001800201773001600219180718b2001 xxu||||| |||| 00| 0 eng d aMizra, Zafar aGlobalization, health and poverty: the role of civil society c2001 ap.91-92 aMar aPoverty aCivil society aHealth services aGlobalization aDevelopment